|
|
|
|
| LEADER |
00000nam0a2200000 4500 |
| 001 |
257769 |
| 005 |
20231101233232.0 |
| 020 |
|
|
|a RU
|b 88-11540
|
| 035 |
|
|
|a (RuTPU)RU\TPU\book\280586
|
| 090 |
|
|
|a 257769
|
| 100 |
|
|
|a 20140418d1987 k a0rusy5003 ca
|
| 101 |
0 |
|
|a rus
|
| 102 |
|
|
|a RU
|
| 105 |
|
|
|a y z 101zy
|
| 200 |
1 |
|
|a Состояние и развитие гибких производственных систем
|e труды III Международного совещания по гибким производственным системам, октябрь 1986 г., София, НРБ
|f Международный центр научной и технической информации
|
| 210 |
|
|
|a Москва
|c МЦНТИ
|c МНИИПУ
|d 1987
|
| 215 |
|
|
|a 390 с.
|c ил.
|
| 320 |
|
|
|a Библиогр. в конце докл.
|
| 606 |
1 |
|
|a Автоматизация производства комплексная
|x Экономическая эффективность
|2 stltpush
|3 (RuTPU)RU\TPU\subj\609
|9 29484
|
| 610 |
1 |
|
|a гибкие производственные системы
|
| 610 |
1 |
|
|a состояние
|
| 610 |
1 |
|
|a развитие
|
| 610 |
1 |
|
|a совещания
|
| 610 |
1 |
|
|a ГПС
|
| 610 |
1 |
|
|a внедрение
|
| 610 |
1 |
|
|a эксплуатация
|
| 675 |
|
|
|a 658.52.011.56(063.2)
|z rus
|
| 712 |
1 |
2 |
|a Состояние и развитие гибких производственных систем
|c совещания
|d III
|e София
|f 1986
|
| 712 |
0 |
2 |
|a Международный центр научной и технической информации
|2 stltpush
|3 (RuTPU)RU\TPU\col\12635
|9 25487
|
| 801 |
|
0 |
|a RU
|b RuMRKP
|c 19950417
|g psbo
|
| 801 |
|
1 |
|a RU
|b 63413507
|c 20140418
|
| 801 |
|
2 |
|a RU
|b 63413507
|c 20141121
|g RCR
|
| 942 |
|
|
|c BK
|